| 000 | 00614nam a22002177a 4500 | ||
|---|---|---|---|
| 003 | AR-RoIUNI | ||
| 005 | 20241122062948.0 | ||
| 007 | ta | ||
| 008 | 231009s1914 sp ao|||r|||| 001 0 spa d | ||
| 040 | _cIUNIR | ||
| 080 | _a616.314 GAI - I | ||
| 100 | _aGaillard, G. | ||
| 245 | 1 | 0 |
_aTratado de estomatología I : _banatomía de la boca y de los dientes / _cG. Gaillard ; traducido por B. Landete y A. Chornet |
| 250 | _a1a ed. | ||
| 260 |
_aValencia : _bPubul , _c1914 |
||
| 300 |
_a181 p. : _bil. ; _c23 cm. |
||
| 650 | 1 | 0 |
_aOdontología _9546 |
| 700 | _aLandete, B. | ||
| 700 | _aChornet, A. | ||
| 942 |
_2cdu _cBK |
||
| 999 |
_c5725 _d5725 |
||